[Event "HUN-chT2 Szechenyi 0910"]
[Site "Hungary"]
[Date "2010.04.18"]
[Round "10.11"]
[White "Suket, Mate"]
[Black "Ekker, Balint"]
[Result "1-0"]
[WhiteElo "1671"]
[BlackElo "1451"]
[PlyCount "131"]
[EventDate "2009.11.08"]
[EventType "team-tourn"]
[EventRounds "11"]
[EventCountry "HUN"]
[SourceTitle "EXT 2011"]
[Source "ChessBase"]
[SourceDate "2010.11.26"]
[SourceVersion "1"]
[SourceVersionDate "2010.11.26"]
[SourceQuality "1"]
[WhiteTeam "Kertvaros"]
[BlackTeam "FKMK"]
[WhiteTeamCountry "HUN"]
[BlackTeamCountry "HUN"]

1. e4 e6 2. d4 d5 3. exd5 exd5 4. Nf3 Bd6 5. Bd3 Nf6 6. Bg5 0-0 7. 0-0 Bg4 8. Nbd2 Nbd7 9. c3 h6 10. Bh4 c6 11. Rc1 Qc7 12. h3 Bxf3 13. Qxf3 b5 14. Bb1 Rae8 15. Rce1 Qb8 16. Qd3 Rxe1 17. Rxe1 Re8 18. Rf1 Bf4 19. Nb3 g5 20. Bg3 Bxg3 21. fxg3 Qd6 22. Qf3 Qe7 23. Bf5 Qe3+ 24. Qxe3 Rxe3 25. Bxd7 Nxd7 26. Kf2 Re6 27. g4 Kg7 28. Ra1 Kg6 29. a4 a6 30. axb5 axb5 31. Ra6 Kf6 32. Na5 c5 33. Ra7 Rd6 34. Nb7 Rc6 35. Nxc5 Nxc5 36. dxc5 Rxc5 37. Ra6+ Kg7 38. Ke3 Rc4 39. Rd6 b4 40. Kd3 bxc3 41. bxc3 Rc5 42. Ra6 f6 43. Ra7+ Kg6 44. g3 h5 45. gxh5+ Kxh5 46. Ra4 Kg6 47. Kd4 Rb5 48. Ra8 Kf7 49. Ra7+ Ke6 50. Ra6+ Ke7 51. g4 Rb3 52. Rc6 Rb5 53. Rc5 Rxc5 54. Kxc5 Ke6 55. Kc6 Ke5 56. Kd7 f5 57. gxf5 Kxf5 58. Kd6 Ke4 59. Ke6 d4 60. cxd4 Kxd4 61. Kf5 Kd5 62. Kxg5 Ke6 63. Kg6 Ke7 64. Kg7 Ke6 65. h4 Kf5 66. h5 1-0

[Event "HUN-chT2 Szechenyi 0910"]
[Site "Hungary"]
[Date "2010.03.14"]
[Round "6.12"]
[White "Ekker, Balint"]
[Black "Sagi, Mate"]
[Result "1/2-1/2"]
[WhiteElo "1451"]
[BlackElo "1666"]
[PlyCount "98"]
[EventDate "2009.11.08"]
[EventType "team-tourn"]
[EventRounds "11"]
[EventCountry "HUN"]
[SourceTitle "EXT 2011"]
[Source "ChessBase"]
[SourceDate "2010.11.26"]
[SourceVersion "1"]
[SourceVersionDate "2010.11.26"]
[SourceQuality "1"]
[WhiteTeam "FKMK"]
[BlackTeam "BSC"]
[WhiteTeamCountry "HUN"]
[BlackTeamCountry "HUN"]

1. e4 c5 2. Nf3 a6 3. d4 cxd4 4. Nxd4 Nf6 5. Nc3 e5 6. Nf3 Bb4 7. Bg5 0-0 8. Bd3 Re8 9. 0-0 Bxc3 10. bxc3 d5 11. Bxf6 Qxf6 12. exd5 e4 13. Re1 Bf5 14. Nd4 Nd7 15. Bc4 Rac8 16. Nxf5 Rxc4 17. Ne3 Rxc3 18. Rb1 b5 19. Qg4 Rc7 20. Red1 Qg6 21. Qxg6 hxg6 22. Rd4 f5 23. d6 Rc6 24. c4 bxc4 25. Nd5 Kf7 26. Ne7 Rb6 27. Rxb6 Nxb6 28. Nc6 Ke6 29. d7 Nxd7 30. Rxc4 Nb6 31. Rb4 Nd5 32. Ra4 Kd7 33. Rxa6 Re6 34. Nb8+ Ke7 35. Rxe6+ Kxe6 36. a4 Kd6 37. a5 Kc7 38. Na6+ Kc6 39. Kf1 Kb5 40. Nb8 Kxa5 41. Nd7 Kb5 42. Nf8 Ne7 43. Ne6 Kc6 44. Nxg7 Kd7 45. h4 Kd6 46. h5 gxh5 47. Nxh5 Ke5 48. g3 Nd5 49. Kg2 f4 1/2-1/2

[Event "HUN-chT2 Szechenyi 0910"]
[Site "Hungary"]
[Date "2009.05.02"]
[Round "11.11"]
[White "Ekker, Balint"]
[Black "Madarasz, Miklos"]
[Result "0-1"]
[WhiteElo "1451"]
[BlackElo "1633"]
[PlyCount "117"]
[EventDate "2009.11.08"]
[EventType "team-tourn"]
[EventRounds "11"]
[EventCountry "HUN"]
[SourceTitle "EXT 2011"]
[Source "ChessBase"]
[SourceDate "2010.11.26"]
[SourceVersion "1"]
[SourceVersionDate "2010.11.26"]
[SourceQuality "1"]
[WhiteTeam "FKMK"]
[BlackTeam "Lovo"]
[WhiteTeamCountry "HUN"]
[BlackTeamCountry "HUN"]

1. e4 c5 2. Nf3 Nc6 3. d4 cxd4 4. Nxd4 d6 5. Nc3 Nf6 6. Bb5 Bd7 7. Bg5 e6 8. Nxc6 bxc6 9. Ba4 h6 10. Bf4 e5 11. Bg3 Qb6 12. Bb3 Be7 13. 0-0 0-0 14. Kh1 Rad8 15. Qe2 Kh8 16. f3 Qc7 17. Rad1 Nh5 18. Qf2 Nxg3+ 19. Qxg3 f5 20. h3 f4 21. Qf2 Rf6 22. Ne2 Rdf8 23. Rd3 Rg6 24. Rg1 Rff6 25. Bc4 Rg5 26. Ra3 c5 27. Nc3 Qc8 28. Ba6 Qe8 29. Nd5 Rfg6 30. Nxe7 Qxe7 31. Qh4 Be6 32. Bf1 Qd7 33. Ra5 Rg3 34. Kh2 Kh7 35. Bb5 Qc8 36. Ba6 Qd7 37. Bb5 Qf7 38. Ra6 Bxh3 39. Qxh3 Rxh3+ 40. gxh3 Rxg1 41. Kxg1 Qg6+ 42. Kf1 Qe6 43. Rxa7 Qxh3+ 44. Kf2 Qh2+ 45. Kf1 Qxc2 46. Bd7 Qxb2 47. Bf5+ Kg8 48. Ra8+ Kf7 49. Ra7+ Kf6 50. Rd7 Qd4 51. a4 c4 52. a5 c3 53. Rd8 c2 54. Rf8+ Kg5 55. Rc8 Qd1+ 56. Kg2 c1Q 57. Rxc1 Qxc1 58. a6 Qa3 59. Bc8 0-1